000 00680nam a2200193Ii 4500
003 JO-AjNU
008 230605s9999||||xx |||||||||||||| ||und||
040 _aJO-AjNU
_bara
_erda
_cJO-AjNU
041 _aara
050 1 4 _aHF5681.B2.B326 2009
100 3 _aبدوي، محمد عباس,
_eauthor
_932143
245 0 0 _aالمحاسبة وتحليل القوائم المالية
264 3 1 _aالاسكندرية: المكتب الجامعي الحديث، 2009
300 _a424ص
336 _atext
_btxt
_2rdacontent
337 _aunmediated
_bn
_2rdamedia
338 _avolume
_bnc
_2rdacarrier
650 4 _aالمحاسبة المالية - تحليل القوائم
_932144
999 _aA12942
_c16510
_d16510